| 000 | 01484nam a2200433 a 4500 | ||
|---|---|---|---|
| 005 | 20240416133505.0 | ||
| 008 | 100930t2009||||ag a f |||| 001 0 spa d | ||
| 020 | _a9789871259199 | ||
| 041 | _aspa | ||
| 092 |
_c618.92 _l49 _sLOP |
||
| 100 | 1 |
_aLópez Marure, Eloy _93366 |
|
| 245 |
_aRadiología pediátrica para pediatras / _cEloy López Marure |
||
| 250 | _a1a ed. | ||
| 260 |
_aBuenos Aires: _bJournal; _c2009. |
||
| 300 |
_a304 p. _bil. _c28x20 cm. |
||
| 500 | _aLópez Marure, E. (2009). Radiología pediátrica para pediatras. (1a ed.). Buenos Aires : Journal. | ||
| 590 | _aDonación Noviembre 2017 | ||
| 653 | _aRadiólogo pediatra en Latinoamérica | ||
| 653 | _aRadioprotección en el diagnóstico por imágenes pediátrico | ||
| 653 | _aCrisis convulsivas | ||
| 653 | _aTraumatismo craneoencefálico | ||
| 653 | _aInfecciones del sistema nervioso central | ||
| 653 | _aSinusitis e hipertrofia de adenoides | ||
| 653 | _aNeumonía | ||
| 653 | _aDerrame pleural | ||
| 653 | _aNeumotorax y neumomediastino | ||
| 653 | _aAbdomen agudo | ||
| 653 | _aConstipación | ||
| 653 | _aReflujo gastroesofáfico | ||
| 653 | _aLesiones deportivas | ||
| 653 | _aEscroto agudo | ||
| 653 | _aCojera | ||
| 653 | _aOsteomielitis y artritis piógenas | ||
| 653 | _aTraumatismo musculoesquelético | ||
| 653 | _aInfecciones de las vías urinarias | ||
| 653 | _aSíndrome del maltrato al menor | ||
| 653 | _aCardiopatías congénitas | ||
| 942 |
_2ddc _cBK |
||
| 999 |
_c2573 _d2573 |
||